Pass the Toeic test :Advanced course

Guardado en:
Detalles Bibliográficos
Autor principal: Miles Carven
Formato: Libro
Lenguaje:English
Publicado: Tổng hợp 2014
Materias:
Etiquetas: Agregar Etiqueta
Sin Etiquetas, Sea el primero en etiquetar este registro!
Thư viện lưu trữ: Mạng thư viện Đại học Đà Nẵng
LEADER 00971nam a2200325 a 4500
001 000002434
003 03720
005 20171229145311.0
008 171229s2014 eng
040 |a LSK 
041 0 |a ENG 
082 0 |a 428.0076  |b CA-M 
100 1 |a Miles Carven 
245 0 0 |a Pass the Toeic test :Advanced course 
260 |b Tổng hợp  |c 2014 
300 |a 436 pages  |c 27 cm. 
653 |a English language 
653 |a TOEIC 
852 |a Phòng Đọc 
901 |a 1 
927 |a Sách tham khảo 
OWN |a LSK 
AVA |a UDN50  |b LSK  |d 428.0076 CA-M  |e available  |t Error 5001 Not defined in file expand_doc_bib_avail.  |f 1  |g 0  |h N  |i 0  |k 1 
999 |a From the UDN01 
AVA |a UDN50  |b LSK  |d 428.0076 CA-M  |e available  |t Error 5001 Not defined in file expand_doc_bib_avail.  |f 1  |g 0  |h N  |i 0  |k 1 
TYP |a Monograph 
TYP |a Printed language 
980 |a Mạng thư viện Đại học Đà Nẵng